Relación de las honrras [sic] que su Magestad [sic] mandó harer [sic] en la villa de Brusellas [sic], en la yglesia [sic] de santa Gudula, por el Emperador nuestro señor, las quales hizieron el jueues [sic] a bisperas [sic], y viernes siguiente aa missa [sic] que fue XXIX de Deziembre [sic] de MDLIII. (Record no. 126154)

MARC details
000 -LEADER
campo de control de longitud fija 00908nam a2200205 i 4500
001 - NÚMERO DE CONTROL
campo de control 126154
003 - IDENTIFICADOR DE NÚMERO DE CONTROL
campo de control ES-MaACL
005 - FECHA Y HORA DE LA ÚLTIMA TRANSACCIÓN
campo de control 20251009181746.0
007 - CAMPO FIJO DE DESCRIPCIÓN FÍSICA--INFORMACIÓN GENERAL
campo de control de longitud fija t|
008 - DATOS DE LONGITUD FIJA--INFORMACIÓN GENERAL
campo de control de longitud fija 070214s1958 sp |||| | spa d
245 00 - MENCIÓN DEL TÍTULO
Título Relación de las honrras [sic] que su Magestad [sic] mandó harer [sic] en la villa de Brusellas [sic], en la yglesia [sic] de santa Gudula, por el Emperador nuestro señor, las quales hizieron el jueues [sic] a bisperas [sic], y viernes siguiente aa missa [sic] que fue XXIX de Deziembre [sic] de MDLIII.
250 ## - MENCION DE EDICION
Mención de edición [Ed. facs.]
Resto de la mención de edición bajo la dirección de Antonio Pérez y Gómez.
260 ## - PUBLICACIÓN, DISTRIBUCIÓN, ETC.
Lugar de publicación, distribución, etc. [S. l.] :
Nombre del editor, distribuidor, etc. La fonte que mana y corre,
Fecha de publicación, distribución, etc. 1958 (
Lugar de fabricación/manufactura Madrid :
Fabricante Imp. Góngora)
300 ## - DESCRIPCIÓN FÍSICA
Extensión 8 h. ;
Dimensiones 25 cm.
655 #7 - TERMINO DE INDIZACIÓN--GENERO/FORMA
Fuente del término tgfbne
9 (RLIN) 226495
Datos o término principal de género/forma Facsímiles
700 0# - ENTRADA AGREGADA--NOMBRE PERSONAL
Nombre de persona Pérez y Gómez, Antonio,
Fechas asociadas al nombre 1902-1976
9 (RLIN) 91216
852 ## - LOCALIZACIÓN
Ubicación ES-MaACL
Número de control de estantería 2018-F-24
942 ## - ELEMENTOS DE ENTRADA SECUNDARIOS (KOHA)
Fuente del sistema de clasificación o colocación Clasificación decimal universal
Holdings
Estatus retirado Estado de pérdida Estado de daño No para préstamo Colección Biblioteca de origen Biblioteca actual Ubicación en estantería Fecha de adquisición Fuente de adquisición Total de préstamos Signatura topográfica completa Código de barras Visto por última vez Precio de reemplazo Tipo de ítem Koha
        Colección de folletos Biblioteca del Ateneo de Madrid Biblioteca del Ateneo de Madrid Depósito folletos 17/01/2008     2018-F-24 1131403 23/02/2023 23/02/2023 Folleto